Prodej v obchodě a odpovědnost za vady

Gespeichert in:
Bibliographische Detailangaben
1. Verfasser: Oulík, Jiří
Format: Buch
Sprache:Tschechisch
Veröffentlicht: Praha Panorama 1983
Schriftenreihe:Praktické příručky
Tags: Tag hinzufügen
Keine Tags, Fügen Sie das erste Tag hinzu!

MARC

LEADER 00000nam a2200000 4500
001 c118883
005 20041019155212.7
041 0 |a cze 
044 |a CZ 
245 1 0 |a Prodej v obchodě a odpovědnost za vady  |c Jiří Oulík 
264 1 |a Praha  |b Panorama  |c 1983 
300 |a 302 s. 
490 1 |a Praktické příručky 
830 0 |a Praktické příručky 
100 1 |a Oulík, Jiří